| 000 | 00405 a2200145 4500 | ||
|---|---|---|---|
| 999 |
_c4175 _d4175 |
||
| 020 | _a9788189005306 | ||
| 050 | _aLB 2806 RAO 2009 | ||
| 100 |
_aRao, Vinay _eAuthor |
||
| 245 |
_aCurrirculum development / _cVinay Rao |
||
| 264 |
_aNew Delhi: _bSaurabh Publishing House, _c2009 |
||
| 300 |
_a298p. : _bill. |
||
| 500 | _aincludes index | ||
| 650 | _aCurriculum development | ||
| 942 |
_2lcc _cBK _h2806 _iRAO _k2009 |
||